000
00325nam a2200109Ia 4500
008
171204s9999 xx 000 0 und d
245
_a
Analytical Modeling Research in Fashion Business:
245
_c
Tsan-Ming Choi
260
_c
2016
650
_x
BUSINESS RESEARCH
856
_u
http://down.ebook777.com/049/9789811010125.pdf
999
_c
346947
_d
346947